000 00429 a2200145 4500
999 _c5738
_d5738
020 _a9789351111276
050 _aSB 112.5 SHA 2013
100 _aSharma, Sanjay Kumar
_eAuthor
245 _aHandbook of plant and crop physiology /
_cSanjay Kumar Sharma
264 _aNew Delhi:
_bRandom Publications,
_c2013
300 _a272p. :
_bill.
500 _aIncludes index
650 _aPlant physiology
942 _2lcc
_cBK
_h112.5
_iSHA
_kSB